000 00879cab a22002055a 4500
001 L158251
008 141112e20141018xxk 000 0 eng d
035 _a(Sirsi) u158251
041 0 _aeng
100 1 _aCursham, William
245 0 0 _aDoes distress mean damage?
260 _c2014
490 _aEstates Gazette
_v(1442) 18 October 2014, 105(1)
520 _aClaims by disgruntled home buyers for damages for distress and inconvenience are generally difficult to win but there are exceptions to this. These include when the object of a contract is to provide pleasure, relaxation and piece of mind such as in the provision of a holiday. Mentions relevant caselaw including, Watts and another v Morrow and Farley v Skinner.
590 _aKA
651 4 _aEngland and Wales
_y1543-
690 _aResidential property
_96266
690 _aSurvey reports
_96270
942 _n0
999 _c84544
_d84544